000 00486nam a2200169 i 4500
001 78869
003 ES-MaACL
005 20230906173835.0
007 t|
008 041018s1949 gw ||||1| ger d
100 1 _aHeidegger, Martin.
_962337
245 1 0 _aSein und zeit /
_cvon Martin Heidegger.
250 _a6. unverèanderte aufl.
260 _aTübingen :
_bNeomarius Verlag,
_c1949 (
_eHalle :
_fMax Niemeyer)
300 _a1 v. ;
_c24 cm.
852 _aES-MaACL
_jD-7259
_bR.29855
999 _c78869
_d78869